000 004510000a22001930004500
999 _c48937
_d48937
001 1780
003 CO-MdFUSB
005 20180208173300.0
008 180208b xxu||||| |||| 00| 0 eng d
020 _a970-24-0779-6
040 _cCO-MdBIC
082 0 4 _a512 B193a
100 1 _aBaldor, Aurelio
245 1 0 _aAlgebra / Aurelio Baldor
260 _aMéxico : Publicaciones Cultural
300 _a574 P.
650 1 4 _aMatemáticas
942 _cLGB